Les stations du métro parisien ouvertes après 1990 - Statistiques

Statistiques générales
  • Ce quiz a été pris 20 fois
  • Le résultat moyen est 19 sur 29
Statistiques - réponses
Ligne Initiale Réponse Rang % Correct
4 B Barbara 14
88%
1 L La Défense 1
88%
14 O Olympiades 6
88%
4 B Bagneux - Lucie Aubrac 14
81%
1 E Esplanade de La Défense 1
81%
12 F Front Populaire 10
81%
12 M Mairie d'Aubervilliers 16
81%
14 S Saint-Ouen 12
81%
4 M Mairie de Montrouge 11
75%
14 P Pont Cardinet 12
75%
13 S Saint-Denis - Université 3
75%
14 A Aéroport d'Orly 24
69%
11 C Coteaux Beauclair 18
69%
8 P Pointe du lac 9
69%
12 A Aimé Césaire 16
63%
14 B Bibliothèque François Mitterrand 4
63%
14 L L'Haÿ-les-Roses 24
63%
11 R Rosny-Bois-Perrier 18
63%
11 S Serge Gainsbourg 18
63%
14 H Hôpital Bicêtre 24
56%
11 L La Dhuys 18
56%
11 M Montreuil-Hôpital 18
56%
14 T Thiais-Orly 24
56%
14 C Chevilly-Larue 24
50%
14 C Cour Saint-Emilion 4
50%
13 L Les Agnettes 7
50%
11 R Romainville-Carnot 18
50%
14 S Saint-Denis Pleyel 24
50%
13 L Les Courtilles 7
38%
Aucun quiz correspondant
Distribution des résultats
% des personnes avec chaque résultat
Percentile par nombre de réponses
Votre historique - résultats
Vous n’avez pas pris ce quiz